Nghiên cứu khả sử dụng chỉ số tổ hợp sinh học IBI để đánh giá chất lượng môi trường nước sông Hàn - TP. Đà nẵng
Nghiên cứu khả sử dụng chỉ số tổ hợp sinh học IBI để đánh giá chất lượng môi trường nước sông Hàn - TP. Đà nẵng
Bewaard in:
| Hoofdauteur: | |
|---|---|
| Andere auteurs: | |
| Formaat: | Boek |
| Taal: | Vietnamese |
| Gepubliceerd in: |
Đại học Đà Nẵng
Trường Đại học Sư Phạm
2011
|
| Reeks: | Khóa luận tốt nghiệp Đại học. Chuyên ngành: Cử nhân Sinh - Môi trường
|
| Onderwerpen: | |
| Tags: |
Voeg label toe
Geen labels, Wees de eerste die dit record labelt!
|
| Thư viện lưu trữ: | Mạng thư viện Đại học Đà Nẵng |
|---|
| LEADER | 01686nam a2200373 4500 | ||
|---|---|---|---|
| 001 | 000011393 | ||
| 003 | 7636 | ||
| 005 | 20120203150228.0 | ||
| 008 | 120203s2011 viesd | ||
| 041 | |a vie | ||
| 072 | |a Khóa luận tốt nghiệp | ||
| 082 | |a 363.7 |b TR-L | ||
| 100 | |a Trương, Thị Hiền Lương | ||
| 245 | |a Nghiên cứu khả sử dụng chỉ số tổ hợp sinh học IBI để đánh giá chất lượng môi trường nước sông Hàn - TP. Đà nẵng |c Trương, Thị Hiền Lương | ||
| 260 | |a Đại học Đà Nẵng |b Trường Đại học Sư Phạm |c 2011 | ||
| 300 | |a 37 tr. |b Tóm tăt, Phụ lục, đĩa CD kèm theo, ảnh minh họa |c 29 cm | ||
| 490 | |a Khóa luận tốt nghiệp Đại học. Chuyên ngành: Cử nhân Sinh - Môi trường | ||
| 500 | |a Tham khảo Phụ lục | ||
| 520 | |a Nghiên cứu khả sử dụng chỉ số tổ hợp sinh học IBI để đánh giá chất lượng môi trường nước sông Hàn - TP. Đà nẵng | ||
| 653 | |a IBI | ||
| 653 | |a môi trường | ||
| 653 | |a Khóa luận tốt nghiệp Đại học | ||
| 653 | |a Khoa Sinh - Môi trường | ||
| 700 | |a Nguyễn Văn Khánh |c ThS |e Hướng dẫn | ||
| OWN | |a LSP | ||
| AVA | |a UDN50 |b LSP |d 363.7 TR-L |e available |t Error 5001 Not defined in file expand_doc_bib_avail. |f 1 |g 0 |h N |i 0 |k 1 | ||
| 999 | |a From the UDN01 | ||
| AVA | |a UDN50 |b LSP |d 363.7 TR-L |e available |t Error 5001 Not defined in file expand_doc_bib_avail. |f 1 |g 0 |h N |i 0 |k 1 | ||
| TYP | |a Monograph | ||
| TYP | |a Printed language | ||
| 980 | |a Mạng thư viện Đại học Đà Nẵng | ||